01102nam a2200181Ia 4500001001300000003001000013008004100023040002500064041000700089100002300096245007300119250001100192260005500203300001200258500059500270650003600865700001900901b5823-39998 IT-MiCISF161014s9999||||xx |||||||||||||| ||und|| aIT-MiCISFcIT-MiCISF ait aBeckerman Anita G. 0aAnziani: assisterli, amarli. Guida pratica per operatori e familiari a1a ed. a SalernobEcomindc2003 [Edizione originale: 2000] app. 308 a / anziani, non-autosufficienza, cura, salute, servizi-anziani / Rivolto agli operatori che svolgono attività di assistenza agli anziani e ai familiari che hanno a che fare coi parenti anziani, il libro si occupa delle varie problematiche che si possano incontrare nel lavoro di cura: i problemi psicologici, i cambiamenti fisici e mentali, la prevenzione dei rischi, i problemi dell'alimentazione, la gestione delle terapie farmacologiche, i problemi di mobilità e autonomia e non ultimo come muoversi nella burocrazia, per individuare ed utilizzare al meglio i presidi assistenziali. a Terza età / salute-curae010 aTappen Ruth M.